Panamá: La batalla de changuinola y la política de seguridad de Martinelli /
El siguiente artículo hace referencia a la profundización agresiva de la ortodxia neoliberal, de manos del presidente panameño Ricardo Martinelli, a través de la represión y el hostigamiento, haciendo énfasis en el conflicto de Changuinola que causo eco nacional e internacional.
Tallennettuna:
| Päätekijä: | |
|---|---|
| Aineistotyyppi: | Teksti |
| Aiheet: | |
| Tagit: |
Lisää tagi
Ei tageja, Lisää ensimmäinen tagi!
|
MARC
| LEADER | 00000 a a2200000 04500 | ||
|---|---|---|---|
| 001 | 43123 | ||
| 003 | |||
| 040 | |||
| 100 | |a Gandásegui, Marco A. | ||
| 245 | |a Panamá: |b La batalla de changuinola y la política de seguridad de Martinelli / |c Marco. A. Gandásegui | ||
| 520 | |a El siguiente artículo hace referencia a la profundización agresiva de la ortodxia neoliberal, de manos del presidente panameño Ricardo Martinelli, a través de la represión y el hostigamiento, haciendo énfasis en el conflicto de Changuinola que causo eco nacional e internacional. | ||
| 590 | |a RRH/AGOSTO2013 | ||
| 650 | |a CONFLICTOS SOCIALES | ||
| 650 | |a NEOLIBERALISMO | ||
| 650 | |a REPRESION | ||
| 650 | |a VIOLENCIA | ||
| 650 | |a PANAMA | ||
| 773 | |g volumen12, número29 (mayo, 2011), 179-183 | ||
| 999 | |c 19824 |d 19824 | ||
